Sports Quiz

Random Sports Quiz

Dutch Eredivisieclubs Season 2010-2011 Quiz Stats

Quiz not verified by Sporcle

Challenge
Share
Tweet
Embed
Score 0/18 Timer 04:00
0 Plays Today
Stadium Capacity: Club % Correct
52.960Ajax
100%
51.577Feyenoord
100%
35.000PSV
100%
17.023AZ
100%
25.000Vitesse
91.7%
24.000FC Twente
91.7%
19.000NAC Breda
91.7%
12.500N.E.C.
91.7%
22.579FC Groningen
83.3%
Stadium Capacity: Club % Correct
19.200Roda JC
83.3%
14.750Willem II
83.3%
26.100sc Heerenveen
75%
24.426FC Utrecht
75%
15.000ADO Den Haag
75%
7.500VVV-Venlo
75%
12.600De Graafschap
66.7%
3.531Excelsior
66.7%
8.500Heracles Almelo
58.3%

You're not logged in!

Compare scores with friends on all Sporcle quizzes.
Join for Free
OR
Log In

You Might Also Like...

Show Comments

Extras

Top Quizzes Today


Score Distribution

Your Account Isn't Verified!

In order to create a playlist on Sporcle, you need to verify the email address you used during registration. Go to your Sporcle Settings to finish the process.

Report this User

Report this user for behavior that violates our Community Guidelines.

Details: